Изменение электрокинетических и кондуктометрических свойств вискозной сульфитной целлюлозы в зависимости от концентрации водных растворов поверхностно-активных веществ; Химия и технология древесины, целлюлозы и бумаги; Вып. 5

ग्रंथसूची विवरण
Parent link:Химия и технология древесины, целлюлозы и бумаги: сборник межвузовских научных трудов.— , 1973-1978
Вып. 5.— 1977.— С. 65-73
मुख्य लेखक: Петров Н. А.
अन्य लेखक: Позин Ш. С., Юрьев В. И.
भाषा:रूसी
प्रकाशित: 1977
स्वरूप: MixedMaterials पुस्तक अध्याय
KOHA link:https://koha.lib.tpu.ru/cgi-bin/koha/opac-detail.pl?biblionumber=211448

MARC

LEADER 00000naa2a2200000 4500
001 211448
005 20231031192520.0
035 |a (RuTPU)RU\TPU\book\230993 
035 |a RU\TPU\book\230988 
090 |a 211448 
100 |a 20120314d1977 k y0rusy50 ca 
101 0 |a rus 
102 |a RU 
200 1 |a Изменение электрокинетических и кондуктометрических свойств вискозной сульфитной целлюлозы в зависимости от концентрации водных растворов поверхностно-активных веществ  |f Н. А. Петров, Ш. С. Позин, В. И. Юрьев 
320 |a Библиогр.: с. 73 (4 назв.) 
461 0 |0 (RuTPU)RU\TPU\book\230026  |t Химия и технология древесины, целлюлозы и бумаги  |o сборник межвузовских научных трудов  |d 1973-1978 
463 0 |0 (RuTPU)RU\TPU\book\230908  |t Вып. 5  |v С. 65-73  |d 1977  |p 162 с. 
700 1 |a Петров  |b Н. А. 
701 1 |a Позин  |b Ш. С. 
701 1 |a Юрьев  |b В. И. 
801 1 |a RU  |b 63413507  |c 20120314 
801 2 |a RU  |b 63413507  |c 20120314  |g RCR 
942 |c BK